Hỏi - Đáp về thực hành nông nghiệp tốt GAP

Gồm một số câu hỏi - đáp về thực hành nông nghiệp tốt (tiêu chuẩn GAP) nhằm nâng cao hiểu biết cho nông dân học hỏi những kinh nghiệm thực tế để áp dụng GAP thành công trong sản xuất, trồng trọt nông nghiệp...

Täydet tiedot

Tallennettuna:
Bibliografiset tiedot
Aineistotyyppi: Kirja
Kieli:Undetermined
Julkaistu: Hà Nội Nông nghiệp 2014
Aiheet:
Tagit: Lisää tagi
Ei tageja, Lisää ensimmäinen tagi!
Thư viện lưu trữ: Trung tâm Học liệu Trường Đại học Cần Thơ
LEADER 00896nam a2200193Ia 4500
001 CTU_208847
008 210402s9999 xx 000 0 und d
020 |c 50000 
082 |a 630 
082 |b H428 
245 0 |a Hỏi - Đáp về thực hành nông nghiệp tốt GAP 
245 0 |c Phạm Văn Dư, Nguyễn Mạnh Chinh (Biên soạn) 
260 |a Hà Nội 
260 |b Nông nghiệp 
260 |c 2014 
520 |a Gồm một số câu hỏi - đáp về thực hành nông nghiệp tốt (tiêu chuẩn GAP) nhằm nâng cao hiểu biết cho nông dân học hỏi những kinh nghiệm thực tế để áp dụng GAP thành công trong sản xuất, trồng trọt nông nghiệp 
650 |a Agriculture,Nông nghiệp 
904 |i Hải 
980 |a Trung tâm Học liệu Trường Đại học Cần Thơ